LEADER 00927nam0-22003131i-450- 001 990005684110403321 005 20061004095609.0 010 $a0124017622 035 $a000568411 035 $aFED01000568411 035 $a(Aleph)000568411FED01 035 $a000568411 100 $a19990604d1983----km-y0itay50------ba 101 0 $aeng 105 $ay-------001yy 200 1 $aPoverty and policy in American history$fMichael B. Katz 210 $aNew York$cAcademie Press$dc1983 215 $aXII, 289 p.$d23 cm 225 1 $aStudies in social discontinuity 610 0 $aPauperismo$aStati Uniti d'America$aSec. 19. 676 $a361.60973$v21$zita 700 1$aKatz,$bMichael B.$0143530 801 0$aIT$bUNINA$gRICA$2UNIMARC 901 $aBK 912 $a990005684110403321 952 $a361.3 KAT 1$bBIBL. 60224$fFLFBC 959 $aFLFBC 996 $aPoverty and policy in American history$9602252 997 $aUNINA LEADER 01480nam2 22002891i 450 001 UON00394619 005 20231205104628.945 100 $a20110624d1949 |0itac50 ba 101 $afre$aLAT 102 $aFR 105 $a|||| ||||| 200 1 $aˆL' ‰ascetisme$eDe continentia, De sancta virginitate, De bono viduitatis, De opere monachorum$fsaint Augustin$gtexte de l'edition benedictine, introduction, traduction et notes de J. Saint-Martin - 2. ed. , revue et corrigee - Paris$eDesclee De Brouwer, 1949 - 495 p. ; 18 cm. 461 1$1001UON00394613$12001 $aOeuvres de Saint Augustin - Paris$eDesclee de Brouwer - v. ; 18 cm.$vVol. 3 620 $aFR$dParis$3UONL002984 676 $a189$cFILOSOFIA MEDIEVALE$v21 700 0$aAUGUSTINUS AURELIUS$csanto$3UONV139398$0152280 702 1$aSAINT-MARTIN$bJules$3UONV202987 712 $aDesclee de Brouwer$3UONV248271$4650 790 1$aAGOSTINO, Aurelio $zAUGUSTINUS AURELIUS $3UONV038355 790 0$aAGOSTINO d'Ippona $zAUGUSTINUS AURELIUS $3UONV165143 790 0$aAURELIUS AUGUSTINUS HIPPONIENSIS$zAUGUSTINUS AURELIUS $3UONV165144 801 $aIT$bSOL$c20240220$gRICA 899 $aSIBA - SISTEMA BIBLIOTECARIO DI ATENEO$2UONSI 912 $aUON00394619 950 $aSIBA - SISTEMA BIBLIOTECARIO DI ATENEO$dSI FS 04651 (3) $eSI FP 4370 5 (3) 996 $aAscetisme$91183005 997 $aUNIOR